JLS Discography - Statistics

General Stats
  • This quiz has been taken 22 times
  • The average score is 37 of 75
Answer Stats
Answer % Correct
Beat Again
100%
Everybody in Love
100%
Heal This Heartbreak
88%
One Shot
88%
Private
88%
Kickstart
81%
That's My Girl
81%
Tightrope
81%
Umbrella
81%
Eternal Love
75%
Hottest Girl in the World
75%
Love You More
75%
Only Making Love
75%
Only Tonight
75%
Outta This World
75%
She Makes Me Wanna
75%
Superhero
75%
The Club is Alive
75%
3D
69%
Billion Lights
69%
Crazy For You
69%
Eyes Wide Shut
69%
Close to You
63%
Innocence
63%
Postcard
63%
Take a Chance on Me
63%
Day One
56%
Dessert
56%
Do You Feel What I Feel?
56%
Love at War
56%
Mary
56%
So Many Girls
56%
Work
56%
Don't Talk About Love
50%
I Know What She Like
50%
I Like It
50%
Keep You
50%
Killed by Love
50%
Single No More
50%
Tango
50%
That's Where I'm Coming From
50%
The Last Song
50%
Changed
44%
Don't Go
44%
Have Your Way
44%
Other Side of the World
44%
Take You Down
44%
Broken Strings
38%
Heartrock
38%
Hold Me Down
38%
All the Way
31%
Audition
31%
Better for You
31%
DNA
31%
Go Harder
31%
Priceless
31%
Spell It Out
31%
Teach Me How to Dance
31%
Troublemaker
31%
You Got My Love
31%
Give Me Life
25%
Glow
25%
Homeless Heart
25%
Shy of the Cool
25%
Talk It Out
25%
Don't Know That
19%
Feel Your Love
19%
Gotta Try It
19%
Never Gonna Stop
19%
Pieces of My Heart
19%
Nobody Knows
13%
Looking At Me
6%
Love Immortal
6%
Nothing Without U
6%
Unstoppable
6%
No matching quizzes found
Score Distribution
Percent of People with Each Score
Percentile by Number Answered
Your Score History
You have not taken this quiz